: شبهات وردود حول القراءات العشر دراسة تحليلية نقدية /
Saved in:
| Main Author: | |
|---|---|
| Format: | Thesis Book |
| Language: | Arabic |
| Published: |
Kuala Lumpur :
Kulliyyah of Islamic Revealed Knowledge and Human Sciences, International Islamic University Malaysia,
2022
|
| Subjects: | |
| Tags: |
Add Tag
No Tags, Be the first to tag this record!
|
| LEADER | 01997nam a2200373 4500 | ||
|---|---|---|---|
| 008 | 230710b2022 my a f m 000 0 ara d | ||
| 040 | |a UIAM |b eng |e rda | ||
| 041 | |a ara | ||
| 043 | |a a-my--- | ||
| 100 | 1 | |a رواحي، بدر خليفة سعيد |9 575002 | |
| 242 | 1 | 0 | |a Shubuhat wa-dawr hawla al-qira'at al-'ashr : |b dirasah tahliliyah naqdiyah |
| 245 | 1 | 0 | |a : شبهات وردود حول القراءات العشر |b دراسة تحليلية نقدية / |c إعداد، بدر بن خليفة بن سعيد الرواحي |
| 264 | 1 | |a Kuala Lumpur : |b Kulliyyah of Islamic Revealed Knowledge and Human Sciences, International Islamic University Malaysia, |c 2022 | |
| 300 | |a [x], 159 leaves : |b illustrations ; |c 30cm. | ||
| 336 | |a text |2 rdacontent | ||
| 337 | |a unmediated |2 rdamedia | ||
| 337 | |a computer |2 rdamedia | ||
| 338 | |a volume |2 rdacarrier | ||
| 338 | |a online resource |2 rdacarrier | ||
| 347 | |a text file |b PDF |2 rdaft | ||
| 500 | |a Abstracts in English and Arabic. | ||
| 500 | |a "بحث مقدم لنيل درجة الماجستير في معارف الوحي والتراث."--On title page. | ||
| 502 | |a Thesis (MAIRKQS)--International Islamic University Malaysia, 2022. | ||
| 504 | |a Includes bibliographical references (leaves 141-159). | ||
| 655 | 7 | 0 | |a Theses, IIUM local |9 64 |
| 690 | |a Dissertations, Academic |x Department of Qur'an and Sunnah Studies |z IIUM |9 10289 | ||
| 700 | 1 | |a Rawahi, Badar Khalifa Said, |e author | |
| 700 | 1 | |a Abdo Khaled, Nashwan |e degree supervisor |9 13941 | |
| 710 | 2 | |a International Islamic University Malaysia. |b Department of Qur'an and Sunnah Studies |9 879 | |
| 900 | |a naw to asbh | ||
| 942 | |2 lcc |c THESIS |n 0 | ||
| 999 | |c 516121 |d 547538 | ||
| 952 | |0 0 |1 0 |2 lcc |4 0 |7 5 |8 IIUMTHESIS |9 1015696 |a IIUM |b IIUM |c THESIS |d 2023-06-08 |e MGIFT(A) |p 11100480104 |r 2023-06-08 |w 2023-06-08 |y THESIS | ||
| 952 | |0 0 |1 0 |2 lcc |4 0 |7 5 |8 THESISSOFTCOPY |9 1015697 |a IIUM |b IIUM |c MULTIMEDIA |d 2023-06-08 |e MGIFT(A) |p 11100480105 |r 2023-06-08 |w 2023-06-08 |y THESISDIG | ||
